[Event "EU-chT Seniors 05th"]
[Site "Dresden"]
[Date "2003.02.26"]
[Round "4.3"]
[White "Neese, Hans Joachim"]
[Black "Harzer, Paul"]
[Result "1-0"]
[WhiteElo "2252"]
[BlackElo "2027"]
[EventDate "2003.02.23"]
[PlyCount "69"]

1.d4 f5 2.g3 Nf6 3.Bg2 g6 4.c4 Bg7 5.Nc3 O-O 6.Nf3 d6 7.O-O Qe8 8.b4 c6 9.
Qb3 Ne4 10.Bb2 Nxc3 11.Bxc3 Nd7 12.e3 Nf6 13.Nd2 Bd7 14.a4 g5 15.f4 h6 16.
b5 Ng4 17.Rfe1 Kh8 18.Qc2 Qh5 19.Nf1 Rac8 20.Qd3 Qf7 21.Nd2 Qh5 22.Nf3 Qf7
23.fxg5 hxg5 24.Nxg5 Qh5 25.Nf3 Rg8 26.Ra2 Bf6 27.Rf1 Rg7 28.h3 Rh7 29.
hxg4 fxg4 30.Ne1 Rf8 31.Rf4 e5 32.dxe5 dxe5 33.Rff2 Qh2+ 34.Kf1 Qxg3 35.
Be4 1-0

[Event "EU-chT Seniors 05th"]
[Site "Dresden"]
[Date "2003.02.26"]
[Round "4.3"]
[White "Neumann, Horst"]
[Black "Strand, Karl W"]
[Result "1/2-1/2"]
[WhiteElo "2018"]
[BlackElo "1819"]
[EventDate "2003.02.23"]
[PlyCount "25"]

1.d4 d5 2.Nf3 c6 3.Bg5 Bg4 4.Nbd2 Qb6 5.Qc1 e6 6.e3 Nd7 7.Bd3 Bd6 8.h3 
Bxf3 9.Nxf3 h6 10.Bf4 Qc7 11.Bxd6 Qxd6 12.O-O Ngf6 13.b3 1/2-1/2

[Event "EU-chT Seniors 05th"]
[Site "Dresden"]
[Date "2003.02.26"]
[Round "4.3"]
[White "Rahls, Peter"]
[Black "Kristiansen, Erling"]
[Result "1-0"]
[WhiteElo "2295"]
[BlackElo "2236"]
[EventDate "2003.02.23"]
[PlyCount "59"]

1.e4 e5 2.Nc3 Nf6 3.g3 d5 4.exd5 Nxd5 5.Bg2 Nxc3 6.bxc3 Bd6 7.d3 O-O 8.Nf3
Nc6 9.O-O Bg4 10.h3 Bh5 11.Rb1 Rb8 12.g4 Bg6 13.Re1 f5 14.Ng5 Qf6 15.gxf5 
Bxf5 16.Be3 Qg6 17.Kh1 Be7 18.Bd5+ Kh8 19.Rg1 Bxg5 20.Rxg5 Qd6 21.Bg2 b6 
22.Qh5 Ne7 23.Rg1 Bg6 24.Rxg6 Nxg6 25.Be4 Rf6 26.c4 Rbf8 27.Rg5 R8f7 28.
Bd5 Rxf2 29.Bxf2 Rxf2 30.Qxh7+ 1-0

[Event "EU-chT Seniors 05th"]
[Site "Dresden"]
[Date "2003.02.26"]
[Round "4.3"]
[White "Rost van Tonningen, Otto"]
[Black "Stuerzenbaum, Arthur"]
[Result "1/2-1/2"]
[WhiteElo "2212"]
[BlackElo "2194"]
[EventDate "2003.02.23"]
[PlyCount "125"]

1.d4 Nf6 2.Nf3 g6 3.e3 Bg7 4.Be2 d6 5.O-O O-O 6.c4 Nbd7 7.Nc3 e5 8.b4 exd4
9.exd4 c5 10.bxc5 dxc5 11.Bb2 cxd4 12.Nxd4 Nc5 13.Nb3 Qxd1 14.Raxd1 Nfe4 
15.Nxe4 Nxe4 16.Bxg7 Kxg7 17.Bf3 f5 18.Rfe1 Be6 19.Bxe4 fxe4 20.Rxe4 Rad8 
21.Rde1 Rf6 22.f3 Rd6 23.Nc5 Bc8 24.R4e3 Rc6 25.Ne4 Rfe6 26.c5 Re5 27.h4 
h6 28.g4 Re7 29.Kf2 Bd7 30.Nd6 Rxe3 31.Rxe3 Kf8 32.Nxb7 Rc7 33.Nd6 Rxc5 
34.a3 Rd5 35.Ne4 Kf7 36.Kg3 a5 37.Nc3 Rc5 38.Ne4 Rd5 39.Nc3 Rc5 40.Rd3 Bc6
41.Re3 Bd7 42.Ne4 Rd5 43.Kf2 Rd1 44.Rc3 Be8 45.Kg3 a4 46.Kf4 Ke6 47.Rc8 
Ke7 48.Ke5 Rb1 49.Rc7+ Kd8 50.Rc3 Rb3 51.Kd4 Rb1 52.Nd6 Rd1+ 53.Kc5 Bd7 
54.Nf7+ Ke7 55.Ne5 Bc8 56.Nc6+ Kf6 57.Nb4 Rh1 58.Nd5+ Kf7 59.Re3 Rxh4 60.
Nc7 Bd7 61.Kd6 Bc8 62.Re7+ Kf6 63.Nd5+ 1/2-1/2

[Event "EU-chT Seniors 05th"]
[Site "Dresden"]
[Date "2003.02.26"]
[Round "4.3"]
[White "Schroeder, Christian"]
[Black "Boeckenhaupt, Rudi"]
[Result "1-0"]
[WhiteElo "2152"]
[BlackElo "2145"]
[EventDate "2003.02.23"]
[PlyCount "93"]

1.d4 d5 2.c4 c6 3.Nf3 Nf6 4.Nc3 e6 5.Bg5 Bb4 6.cxd5 exd5 7.Qc2 Qd6 8.e3 
Nbd7 9.Bd3 O-O 10.O-O Re8 11.Bf4 Qe7 12.a3 Bd6 13.Rfe1 Nf8 14.h3 Ne6 15.
Bxd6 Qxd6 16.b4 g6 17.Red1 Ng7 18.Nh4 Be6 19.f4 Bd7 20.g4 Qe7 21.Nf3 Ne4 
22.Ne5 f5 23.g5 Nxc3 24.Qxc3 Rec8 25.Rab1 Ne6 26.Rb2 Be8 27.Qb3 a6 28.a4 
Qd6 29.Rc1 Kg7 30.Bf1 Rab8 31.Rbc2 Bd7 32.Kf2 b5 33.a5 Nd8 34.Nd3 Nb7 35.
Ne5 Qe6 36.Bg2 Nd8 37.Rc3 Nf7 38.Qc2 Nxe5 39.dxe5 Kf7 40.Qd2 Kg7 41.Qd4 
Kg8 42.Rc5 Kf8 43.Bf3 Be8 44.h4 Rb7 45.Bxd5 Qd7 46.e6 Qg7 47.Qf6+ 1-0

[Event "EU-chT Seniors 05th"]
[Site "Dresden"]
[Date "2003.02.26"]
[Round "4.3"]
[White "Shabanov, Yuri"]
[Black "Nowarra, Waltraud"]
[Result "1-0"]
[WhiteElo "2442"]
[BlackElo "2212"]
[EventDate "2003.02.23"]
[PlyCount "73"]

1.e4 c5 2.Nf3 e6 3.d3 d6 4.g3 g6 5.Bg2 Bg7 6.O-O Nc6 7.c3 Nf6 8.Re1 O-O 9.
d4 Qc7 10.h3 Bd7 11.d5 Ne5 12.Nxe5 dxe5 13.c4 Ne8 14.Nc3 Nd6 15.Qd3 Rad8 
16.Rd1 Kh8 17.Bg5 f6 18.Be3 Qc8 19.Kh2 f5 20.f3 f4 21.Bf2 Nf7 22.g4 exd5 
23.Nxd5 b6 24.a3 Be6 25.Rac1 Rd7 26.b4 Ng5 27.bxc5 bxc5 28.Rb1 h5 29.Rh1 
Rff7 30.Rb5 Bf8 31.Qc3 Bd6 32.Bxc5 Bxc5 33.Qxe5+ Rg7 34.Rb8 Rxd5 35.cxd5 
Nf7 36.Rxc8+ Bxc8 37.Qe8+ 1-0

[Event "EU-chT Seniors 05th"]
[Site "Dresden"]
[Date "2003.02.26"]
[Round "4.3"]
[White "Vager, Boris"]
[Black "Haakert, Juergen"]
[Result "1/2-1/2"]
[WhiteElo "2262"]
[BlackElo "2414"]
[EventDate "2003.02.23"]
[PlyCount "55"]

1.d4 f5 2.Nf3 Nf6 3.Bf4 g6 4.h3 Bg7 5.e3 O-O 6.Nbd2 d6 7.Bc4+ e6 8.O-O Nc6
9.c3 Kh8 10.a4 Qe7 11.Bg5 e5 12.dxe5 dxe5 13.Qc2 h6 14.Bxf6 Rxf6 15.Rad1 
e4 16.Nd4 Ne5 17.Be2 c5 18.Nb5 Be6 19.Na3 Qf7 20.b3 Qe7 21.Ndc4 Rff8 22.
Nxe5 Bxe5 23.Bc4 Rad8 24.Bxe6 Qxe6 25.Nc4 Bc7 26.Rxd8 Rxd8 27.Rd1 Rd5 28.
Rxd5 1/2-1/2

[Event "EU-chT Seniors 05th"]
[Site "Dresden"]
[Date "2003.02.26"]
[Round "4.3"]
[White "Wade, Robert Graham"]
[Black "Ehlert, Joachim"]
[Result "1-0"]
[WhiteElo "2213"]
[BlackElo "1888"]
[EventDate "2003.02.23"]
[PlyCount "43"]

1.d4 Nf6 2.Nc3 g6 3.e4 d6 4.f4 Bg7 5.Nf3 O-O 6.e5 Ne8 7.Be3 b6 8.Bc4 Ba6 
9.Qd3 Bxc4 10.Qxc4 c6 11.h4 h5 12.f5 b5 13.Qd3 dxe5 14.fxg6 f5 15.dxe5 Qa5
16.O-O Na6 17.Qd7 Nec7 18.Nd4 Rad8 19.Qxc6 b4 20.Qf3 Qxe5 21.Nc6 Qf6 22.
Bg5 1-0

[Event "EU-chT Seniors 05th"]
[Site "Dresden"]
[Date "2003.02.26"]
[Round "4.4"]
[White "Barnstedt, Dietrich"]
[Black "Kneschke, Hansjuergen"]
[Result "1-0"]
[WhiteElo "2154"]
[BlackElo "1940"]
[EventDate "2003.02.23"]
[PlyCount "69"]

1.d4 Nf6 2.Bg5 d5 3.Nd2 Nbd7 4.Ngf3 e6 5.e3 Be7 6.Bd3 h6 7.Bh4 c5 8.c3 O-O
9.O-O Re8 10.Ne5 Nxe5 11.dxe5 Nd7 12.Bxe7 Qxe7 13.f4 Rd8 14.Qh5 f5 15.g4 
fxg4 16.Qxg4 Nf8 17.Nf3 Bd7 18.Rf2 Be8 19.Raf1 Rd7 20.f5 exf5 21.Bxf5 Rc7 
22.Rg2 Bd7 23.Nh4 Bxf5 24.Nxf5 Qe6 25.Qh3 Kh8 26.Qg3 Rf7 27.Rff2 g5 28.Qh3
Rh7 29.Qh5 Qg6 30.Qf3 Rd8 31.Nd6 Kg8 32.Qxd5+ Ne6 33.Rf6 Qb1+ 34.Rf1 Qg6 
35.Rgf2 1-0

[Event "EU-chT Seniors 05th"]
[Site "Dresden"]
[Date "2003.02.26"]
[Round "4.4"]
[White "Bhend, Edwin"]
[Black "Reinholz, Siegfried"]
[Result "1-0"]
[WhiteElo "2240"]
[BlackElo "1901"]
[EventDate "2003.02.23"]
[PlyCount "61"]

1.e4 e5 2.Nf3 Nf6 3.Nc3 Bb4 4.Bc4 d6 5.d3 h6 6.a3 Ba5 7.b4 Bb6 8.Na4 Bg4 
9.c3 c6 10.Nxb6 axb6 11.Bb3 b5 12.h3 Bh5 13.g4 Bg6 14.Nh4 Bh7 15.Qf3 g5 
16.Nf5 Bxf5 17.Qxf5 Qe7 18.h4 gxh4 19.Rxh4 Nxe4 20.Qc8+ Qd8 21.Qxd8+ Kxd8 
22.dxe4 f6 23.Rxh6 Rxh6 24.Bxh6 Ke7 25.O-O-O Rxa3 26.Kb2 Ra8 27.g5 fxg5 
28.Bxg5+ Kd7 29.f4 Kc7 30.fxe5 dxe5 31.Bd8+ 1-0

[Event "EU-chT Seniors 05th"]
[Site "Dresden"]
[Date "2003.02.26"]
[Round "4.4"]
[White "Flockhart, Hugh"]
[Black "Gradl, Rudolf"]
[Result "1-0"]
[WhiteElo "1724"]
[BlackElo "1645"]
[EventDate "2003.02.23"]
[PlyCount "101"]

1.e4 c5 2.Nf3 Nc6 3.c3 g6 4.Bd3 Bg7 5.O-O d6 6.h3 Nf6 7.Bc2 O-O 8.d4 cxd4 
9.cxd4 Nb4 10.Bb3 Nxe4 11.Qe1 Nd3 12.Qxe4 Nxc1 13.Rxc1 e6 14.Nc3 d5 15.Qf4
a6 16.Ne2 Bd7 17.Qd6 Bc6 18.Qxd8 Rfxd8 19.Nc3 Rac8 20.Na4 Bxa4 21.Bxa4 Bh6
22.Re1 Rc7 23.g4 Bf4 24.Bb3 Rdc8 25.Ne5 b5 26.Nd3 Bd6 27.Rac1 a5 28.Rxc7 
Rxc7 29.Rc1 a4 30.Bd1 Rc4 31.Rxc4 dxc4 32.Nc1 Kf8 33.Ne2 Ke7 34.Nc3 a3 35.
bxa3 Bxa3 36.Nxb5 Bb2 37.a4 Kd7 38.Be2 c3 39.Bd3 Kc6 40.Kf1 Kd5 41.Ke2 c2 
42.Bxc2 Kc4 43.Kd2 e5 44.dxe5 Bxe5 45.Ke3 h6 46.Ke4 Bg7 47.Nd6+ Kc5 48.
Nxf7 Kc6 49.f4 Kc7 50.Kd5 Kd7 51.Bxg6 1-0

[Event "EU-chT Seniors 05th"]
[Site "Dresden"]
[Date "2003.02.26"]
[Round "4.4"]
[White "Haug, Kjell Martin"]
[Black "Betz, Egon"]
[Result "0-1"]
[WhiteElo "1817"]
[BlackElo "2031"]
[EventDate "2003.02.23"]
[PlyCount "58"]

1.c4 f5 2.Nc3 Nf6 3.d4 g6 4.Nf3 Bg7 5.g3 d6 6.Bg2 O-O 7.O-O c6 8.b3 Na6 9.
e3 Bd7 10.Bb2 h6 11.Rb1 Qe8 12.d5 c5 13.Re1 Qf7 14.Re2 Nc7 15.Qe1 Rae8 16.
Rd1 b5 17.a3 b4 18.axb4 cxb4 19.Na2 a5 20.Nd2 Na6 21.Bd4 Nc5 22.Ra1 Nfe4 
23.Bxe4 fxe4 24.Nf1 Nd3 25.Qb1 Qf3 26.Nd2 Qxe2 27.Nxe4 Nxf2 28.Nxf2 Qxf2+ 
29.Kh1 Bg4 0-1

[Event "EU-chT Seniors 05th"]
[Site "Dresden"]
[Date "2003.02.26"]
[Round "4.4"]
[White "Kalmutzki, Manfred"]
[Black "Wheeler, John Francis"]
[Result "0-1"]
[WhiteElo "1786"]
[BlackElo "2208"]
[EventDate "2003.02.23"]
[PlyCount "62"]

1.d4 Nf6 2.c4 g6 3.Nc3 Bg7 4.e4 d6 5.Be2 O-O 6.Bg5 h6 7.Bf4 Nc6 8.d5 e5 9.
Be3 Nd4 10.Qd2 Kh7 11.f4 Nxe2 12.Ngxe2 Ng4 13.Bg1 Qh4+ 14.g3 Qh3 15.O-O-O 
Qg2 16.Be3 Qf3 17.h3 Nxe3 18.Qd3 exf4 19.gxf4 Bxh3 20.Rxh3 Qxh3 21.Ng1 Qg4
22.Qxe3 f5 23.Nh3 fxe4 24.Rh1 Kg8 25.Nxe4 Qf5 26.Nc3 Rae8 27.Qg3 Re7 28.
Qh4 Rfe8 29.Ng5 hxg5 30.Qh7+ Kf7 31.Rd1 Qxf4+ 0-1

[Event "EU-chT Seniors 05th"]
[Site "Dresden"]
[Date "2003.02.26"]
[Round "4.4"]
[White "Keller, Lothar"]
[Black "Krueger, Erich"]
[Result "1-0"]
[WhiteElo "2016"]
[BlackElo "2234"]
[EventDate "2003.02.23"]
[PlyCount "90"]

1.e4 c6 2.d4 d5 3.exd5 cxd5 4.Bd3 Nc6 5.c3 Nf6 6.Bf4 Bg4 7.Qb3 Qd7 8.Nf3 
Bxf3 9.gxf3 g6 10.Nd2 Bg7 11.O-O-O O-O 12.h4 Nh5 13.Bh2 Rac8 14.Kb1 a6 15.
f4 e6 16.Be2 Nf6 17.Nf3 Ne4 18.Bg3 h5 19.Bd3 f5 20.Rhg1 b5 21.Ng5 Na5 22.
Qa3 Nc4 23.Bxc4 bxc4 24.f3 Nd6 25.Rde1 Rfe8 26.Re3 Bf8 27.Rge1 Qb5 28.Rxe6
Ne4 29.Rxg6+ Kh8 30.Qxa6 Qxa6 31.Rxa6 Nxg3 32.Nf7+ Kh7 33.Rg1 Ne2 34.Rg5 
Nxf4 35.Rxf5 Re1+ 36.Kc2 Rce8 37.Ne5 Nd3 38.Rxh5+ Kg8 39.Rg5+ Kh7 40.Ra7+ 
Be7 41.Nxd3 cxd3+ 42.Kxd3 Kh6 43.Ra6+ Kh7 44.Rxd5 Kg7 45.h5 Bf8 1-0

[Event "EU-chT Seniors 05th"]
[Site "Dresden"]
[Date "2003.02.26"]
[Round "4.4"]
[White "Munro, Donald"]
[Black "Appelt, Gerd"]
[Result "1/2-1/2"]
[WhiteElo "1848"]
[BlackElo "1915"]
[EventDate "2003.02.23"]
[PlyCount "40"]

1.c4 Nf6 2.g3 d6 3.Bg2 e5 4.Nc3 Nc6 5.e4 Be6 6.d3 h6 7.Nge2 Be7 8.O-O O-O 
9.f4 exf4 10.Nxf4 Bg4 11.Bf3 Bxf3 12.Rxf3 Nd4 13.Rf1 Qd7 14.Be3 Ne6 15.Nh5
Nxh5 16.Qxh5 Bg5 17.Bxg5 Nxg5 18.Nd5 Nh7 19.Ne3 Qe7 20.Nd5 Qd7 1/2-1/2

[Event "EU-chT Seniors 05th"]
[Site "Dresden"]
[Date "2003.02.26"]
[Round "4.4"]
[White "Neudel, Bernd"]
[Black "Wieckowski, Ryszard"]
[Result "1-0"]
[WhiteElo "1776"]
[BlackElo "1929"]
[EventDate "2003.02.23"]
[PlyCount "85"]

1.d4 d5 2.c4 e6 3.Nc3 Nf6 4.Nf3 Be7 5.Bg5 Nbd7 6.e3 h6 7.Bh4 O-O 8.Be2 
dxc4 9.Bxc4 c6 10.O-O b5 11.Bd3 a5 12.h3 Bb7 13.Rc1 Rc8 14.Qe2 Nd5 15.Bg3 
Nxc3 16.Rxc3 b4 17.Rc2 c5 18.Rfc1 Qb6 19.b3 Bd6 20.Bb5 Bxg3 21.Bxd7 Ba6 
22.Qe1 Rc7 23.dxc5 Qa7 24.c6 Bd6 25.Qd2 Be7 26.Qd4 Qa8 27.Qb6 Bd8 28.Qc5 
Bc8 29.Qd6 Qa6 30.Bxc8 Qxc8 31.Nd4 Qb8 32.Qc5 Ra7 33.Nb5 Bb6 34.Qc4 Ra8 
35.c7 Bxc7 36.Nxc7 Ra7 37.Nb5 Rb7 38.Nd4 Qa8 39.Qc6 Qb8 40.Rc5 Ra7 41.Qb5 
Qa8 42.Nc6 Ra6 43.Ne7+ 1-0

[Event "EU-chT Seniors 05th"]
[Site "Dresden"]
[Date "2003.02.26"]
[Round "4.4"]
[White "Ofstad, Per"]
[Black "Brameyer, Hermann"]
[Result "1/2-1/2"]
[WhiteElo "2210"]
[BlackElo "2282"]
[EventDate "2003.02.23"]
[PlyCount "50"]

1.Nf3 f5 2.d4 Nf6 3.g3 g6 4.Bg2 Bg7 5.O-O O-O 6.c3 c6 7.Nbd2 Qe8 8.Re1 Ne4
9.Ne5 Nxd2 10.Bxd2 d6 11.Nd3 e5 12.dxe5 dxe5 13.e4 fxe4 14.Nc5 Qe7 15.Nxe4
h6 16.Be3 Rd8 17.Qe2 Na6 18.Rad1 Be6 19.c4 Qc7 20.b3 b6 21.h4 Rxd1 22.Rxd1
Rd8 23.h5 g5 24.Bf3 Rxd1+ 25.Qxd1 Qd7 1/2-1/2

[Event "EU-chT Seniors 05th"]
[Site "Dresden"]
[Date "2003.02.26"]
[Round "4.4"]
[White "Piekarz, Peter"]
[Black "Zanger, Konrad"]
[Result "1-0"]
[WhiteElo "2011"]
[BlackElo "1624"]
[EventDate "2003.02.23"]
[PlyCount "89"]

1.c4 e5 2.g3 Nf6 3.Bg2 c6 4.Nc3 Be7 5.Nf3 d6 6.d3 Be6 7.O-O O-O 8.e4 Na6 
9.Qe2 Nc7 10.Ne1 Rb8 11.f4 exf4 12.gxf4 b5 13.e5 dxe5 14.fxe5 Nfe8 15.Be3 
c5 16.b3 b4 17.Ne4 Na6 18.Nf3 h6 19.Kh1 Qd7 20.Rg1 g5 21.Rad1 Ng7 22.Nf6+ 
Bxf6 23.exf6 Nf5 24.Nxg5 Kh8 25.Ne4 Kh7 26.Nxc5 Nxc5 27.Bxc5 Rg8 28.Be4 
Rg6 29.Rxg6 fxg6 30.Bxf5 gxf5 31.d4 Re8 32.Qf3 a5 33.d5 Bf7 34.Rg1 Rg8 35.
Re1 Re8 36.Rxe8 Bxe8 37.Qe3 h5 38.Qe6 Kg6 39.f7+ Qxe6 40.dxe6 Bxf7 41.exf7
Kxf7 42.Bb6 h4 43.Kg2 Ke6 44.Bxa5 Ke5 45.Kf3 1-0

[Event "EU-chT Seniors 05th"]
[Site "Dresden"]
[Date "2003.02.26"]
[Round "4.4"]
[White "Schwier, Manfred"]
[Black "Bebchuk, Evgeni"]
[Result "1/2-1/2"]
[WhiteElo "2070"]
[BlackElo "2305"]
[EventDate "2003.02.23"]
[PlyCount "37"]

1.e4 d5 2.e5 c5 3.f4 Nc6 4.Nf3 Bg4 5.Be2 e6 6.c3 Nh6 7.O-O Nf5 8.Na3 Bxf3 
9.Bxf3 h5 10.d3 g6 11.Nc2 Qb6 12.Rb1 h4 13.Ne3 O-O-O 14.Nxf5 gxf5 15.Be3 
Qa6 16.Qc2 Kb8 17.a3 d4 18.Bf2 Rc8 19.Bd1 1/2-1/2

[Event "EU-chT Seniors 05th"]
[Site "Dresden"]
[Date "2003.02.26"]
[Round "4.4"]
[White "Titz, Herbert"]
[Black "Monte, Peter"]
[Result "0-1"]
[WhiteElo "2086"]
[BlackElo "2114"]
[EventDate "2003.02.23"]
[PlyCount "58"]

1.Nf3 e6 2.b3 f5 3.Bb2 Nf6 4.c4 b6 5.Nc3 Bb7 6.e3 Be7 7.Be2 O-O 8.O-O Qe8 
9.Ne5 d6 10.Nd3 e5 11.f4 Qg6 12.g3 Nbd7 13.Ba3 Rae8 14.Nb5 Bd8 15.fxe5 
Nxe5 16.Nxe5 Rxe5 17.Bb2 Ne4 18.Bxe5 dxe5 19.Rf3 a6 20.d3 Ng5 21.Nc3 Qh6 
22.Kg2 Qh3+ 23.Kg1 Qh6 24.Kg2 f4 25.e4 Qh3+ 26.Kg1 Nxf3+ 27.Bxf3 fxg3 28.
hxg3 Qxg3+ 29.Bg2 Rf2 0-1

[Event "EU-chT Seniors 05th"]
[Site "Dresden"]
[Date "2003.02.26"]
[Round "4.4"]
[White "Tochtermann, Georg"]
[Black "Kuehn, Peter2"]
[Result "0-1"]
[WhiteElo "2012"]
[BlackElo "1992"]
[EventDate "2003.02.23"]
[PlyCount "104"]

1.e4 c5 2.c4 Nc6 3.Nc3 g6 4.g3 Bg7 5.Bg2 e6 6.Nge2 Nge7 7.O-O O-O 8.d3 d6 
9.h3 Rb8 10.Be3 Nd4 11.Qd2 Nec6 12.Bh6 a6 13.Bxg7 Kxg7 14.Nxd4 Nxd4 15.h4 
h5 16.Ne2 Nxe2+ 17.Qxe2 b5 18.Rfd1 e5 19.Qd2 f5 20.exf5 Bxf5 21.b3 Bg4 22.
Rf1 Bf3 23.Bxf3 Rxf3 24.Rae1 b4 25.Re3 Qf6 26.Rxf3 Qxf3 27.Qe3 Rf8 28.Qxf3
Rxf3 29.Rd1 a5 30.Kg2 Rf7 31.f3 Kf6 32.Kf2 Rd7 33.Ke2 Kf5 34.Rg1 Rh7 35.
Ke3 Ke6 36.Ke4 Rf7 37.Ke3 d5 38.cxd5+ Kxd5 39.Rc1 Rf6 40.Rc4 a4 41.g4 axb3
42.axb3 Ra6 43.Rc2 Ra3 44.Rb2 Ra1 45.gxh5 gxh5 46.Rg2 Rh1 47.f4 exf4+ 48.
Kxf4 Rxh4+ 49.Ke3 Rh3+ 50.Ke2 Kd4 51.Rg5 Re3+ 52.Kf2 Rxd3 0-1

[Event "EU-chT Seniors 05th"]
[Site "Dresden"]
[Date "2003.02.26"]
[Round "4.4"]
[White "Winiwarter, Felix"]
[Black "Siegmund, Rainer"]
[Result "1-0"]
[WhiteElo "2185"]
[BlackElo "2111"]
[EventDate "2003.02.23"]
[PlyCount "55"]

1.d4 Nf6 2.c4 e6 3.Nc3 Bb4 4.e3 c5 5.a3 Bxc3+ 6.bxc3 O-O 7.Bd3 d6 8.Ne2 
Nc6 9.O-O e5 10.e4 h6 11.d5 Ne7 12.f4 exf4 13.Nxf4 Nd7 14.Ra2 Ne5 15.Raf2 
Re8 16.h3 b6 17.Nh5 N7g6 18.Bxh6 gxh6 19.Qd2 Qg5 20.Nf6+ Kh8 21.Qxg5 hxg5 
22.Nxe8 Nxd3 23.Rxf7 Nde5 24.Rf8+ Nxf8 25.Rxf8+ Kh7 26.Nxd6 Bb7 27.Rf5 Re8
28.Nxe8 1-0

[Event "EU-chT Seniors 05th"]
[Site "Dresden"]
[Date "2003.02.26"]
[Round "4.4"]
[White "Zunker, Reinhard"]
[Black "Prelovskij, Rudolf"]
[Result "1-0"]
[WhiteElo "2194"]
[BlackElo "2171"]
[EventDate "2003.02.23"]
[PlyCount "83"]

1.e4 c5 2.Nf3 Nc6 3.Bb5 g6 4.O-O Bg7 5.Bxc6 bxc6 6.e5 h5 7.Nc3 Nh6 8.d3 
O-O 9.h3 Nf5 10.Re1 Rb8 11.Rb1 d5 12.Na4 Qa5 13.b3 Nd4 14.Nxd4 cxd4 15.Ba3
Qc7 16.Qe2 Rb5 17.Bc5 Rd8 18.Bxd4 c5 19.c4 dxc4 20.dxc4 Ra5 21.Bb2 Ra6 22.
Rbd1 Bb7 23.Qe3 Rc8 24.Nc3 Re6 25.Nd5 Qc6 26.Qg3 Qe8 27.Qd3 Ra6 28.Nc3 Qc6
29.f3 Qb6 30.Qd7 Qc7 31.Qxc7 Rxc7 32.Rd8+ Kh7 33.Kf2 Bc6 34.Re2 Rb7 35.f4 
Bh6 36.Bc1 Rc7 37.Be3 Ra5 38.Red2 Bg7 39.Nd5 Bxd5 40.cxd5 Rb5 41.d6 Rcb7 
42.d7 1-0

[Event "EU-chT Seniors 05th"]
[Site "Dresden"]
[Date "2003.02.27"]
[Round "5.1"]
[White "Baumgartner, Heinz"]
[Black "Vasiukov, Evgeni"]
[Result "0-1"]
[WhiteElo "2381"]
[BlackElo "2542"]
[EventDate "2003.02.23"]
[PlyCount "114"]

1.Nf3 Nf6 2.g3 d5 3.Bg2 c6 4.O-O Bg4 5.Ne5 Bh5 6.d4 e6 7.Nd3 Qb6 8.c3 Bd6 
9.Nd2 Nbd7 10.Nb3 O-O 11.Bf4 Be7 12.Rc1 a5 13.c4 dxc4 14.Rxc4 Qb5 15.Nd2 
Nb6 16.a4 Qa6 17.Rc3 Nfd5 18.Rb3 Nxa4 19.Ne4 Nb4 20.Nxb4 axb4 21.g4 Bxg4 
22.Rg3 Qxe2 23.Rxg4 Qxd1 24.Rxd1 f5 25.Rg3 fxe4 26.Be5 g6 27.Bh3 Kf7 28.
Re1 Nxb2 29.Rxe4 Nc4 30.Bf4 e5 31.dxe5 Nb6 32.Bh6 Rfd8 33.Rf3+ Ke8 34.Be6 
Na4 35.Bg8 Nc3 36.Re1 Kd7 37.e6+ Kd6 38.Bxh7 c5 39.Bg7 Nd5 40.Be5+ Kc6 41.
Bxg6 Rg8 42.Rg3 Bh4 43.Rg2 Ra2 44.Rf1 Re2 45.Ba1 Rxe6 46.Bf5 Rxg2+ 47.Kxg2
Re7 48.Kh3 Bf6 49.Bxf6 Nxf6 50.Kh4 c4 51.Kg5 Ne4+ 52.Kf4 Nd6 53.Bb1 b3 54.
h4 b5 55.h5 c3 56.Bg6 Nf7 57.Bf5 Kc7 0-1

[Event "EU-chT Seniors 05th"]
[Site "Dresden"]
[Date "2003.02.27"]
[Round "5.1"]
[White "Biebinger, Gerhard"]
[Black "Kort, Jacob"]
[Result "1-0"]
[WhiteElo "2376"]
[BlackElo "2225"]
[EventDate "2003.02.23"]
[PlyCount "79"]

1.c4 g6 2.d4 Nf6 3.Nc3 Bg7 4.e4 d6 5.Bg5 h6 6.Be3 c6 7.f3 a6 8.Qd2 b5 9.
O-O-O bxc4 10.Bxc4 d5 11.Bb3 dxe4 12.fxe4 Ng4 13.Nf3 Nxe3 14.Qxe3 O-O 15.
Ne5 e6 16.h4 Qc7 17.Nc4 Nd7 18.h5 g5 19.Rhe1 Bb7 20.Kb1 Rad8 21.Na4 Nf6 
22.e5 Nd5 23.Qd2 c5 24.Nxc5 Nf4 25.Nxb7 Qxb7 26.g3 Nxh5 27.Qh2 Qf3 28.Re3 
Qg4 29.Red3 f5 30.Ne3 Qe4 31.Bxe6+ Kh8 32.Qxh5 Rxd4 33.Bd5 Qxe5 34.Rxd4 
Qxe3 35.Bb3 Kh7 36.Rd6 Qe4+ 37.Ka1 Qe7 38.Re6 Qc7 39.Qg6+ Kh8 40.Re8 1-0

[Event "EU-chT Seniors 05th"]
[Site "Dresden"]
[Date "2003.02.27"]
[Round "5.1"]
[White "Cording, Harm"]
[Black "Keller, Dieter"]
[Result "1/2-1/2"]
[WhiteElo "2265"]
[BlackElo "2385"]
[EventDate "2003.02.23"]
[PlyCount "138"]

1.d4 d5 2.Nf3 Nf6 3.e3 g6 4.b4 Bg7 5.Bb2 O-O 6.Nbd2 Nbd7 7.c4 dxc4 8.Bxc4 
Nb6 9.Bd3 Nfd5 10.a3 Bd7 11.Rc1 Ba4 12.Qe2 a6 13.Ne4 c6 14.Nc5 Qb8 15.Nxa4
Nxa4 16.Ba1 a5 17.b5 Qd6 18.Qa2 cxb5 19.Bxb5 Nab6 20.O-O Rfc8 21.a4 Nb4 
22.Qb3 e6 23.Nd2 Qd8 24.Ne4 Rc7 25.Rxc7 Qxc7 26.Bb2 Rc8 27.Rc1 Qd8 28.Rxc8
Qxc8 29.Nd6 Qb8 30.Nc4 Nxc4 31.Qxc4 Qd8 32.g3 Nd5 33.e4 Nc7 34.Bc3 Nxb5 
35.Qxb5 Bxd4 36.Qxa5 b6 37.Qb4 Bxc3 38.Qxc3 Qd1+ 39.Kg2 Qxa4 40.Qc8+ Kg7 
41.Qc3+ Kf8 42.Qc8+ Qe8 43.Qc7 b5 44.Qc5+ Kg8 45.f3 Qb8 46.Qb4 Qb6 47.g4 
Qc6 48.g5 e5 49.h4 Kg7 50.Kg3 Qc4 51.Qe7 Qd4 52.Qb7 b4 53.Qb8 Qc5 54.Kg2 
Qe7 55.Kg3 f6 56.gxf6+ Kxf6 57.Qh8+ Ke6 58.Qa8 Kd6 59.Qd5+ Kc7 60.Qa5+ Kc6
61.Qa6+ Kc5 62.Qa5+ Kc4 63.Qa6+ Kc3 64.Qa1+ Kc2 65.Qa2+ Kd3 66.Qb3+ Kd4 
67.Qb2+ Kc4 68.Qc2+ Kb5 69.Qd3+ Ka4 1/2-1/2

[Event "EU-chT Seniors 05th"]
[Site "Dresden"]
[Date "2003.02.27"]
[Round "5.1"]
[White "Denda, Ronald"]
[Black "Neubert, Gerhard"]
[Result "1-0"]
[WhiteElo "2080"]
[BlackElo "1946"]
[EventDate "2003.02.23"]
[PlyCount "85"]

1.e4 e6 2.d4 c5 3.Nf3 cxd4 4.Nxd4 Nf6 5.Bd3 Nc6 6.Nxc6 dxc6 7.Be3 e5 8.f3 
Be6 9.O-O Be7 10.Nc3 O-O 11.Qe1 Qc7 12.Qf2 b6 13.a4 Rad8 14.Ba6 Rd7 15.
Rfd1 Rfd8 16.Rxd7 Rxd7 17.g4 Bxg4 18.a5 Bh3 19.axb6 axb6 20.Bxb6 Qb8 21.
Rd1 Rxd1+ 22.Nxd1 Qd6 23.Be2 Nh5 24.Be3 Nf4 25.Nc3 Qh6 26.Bxf4 Qxf4 27.Bf1
Bh4 28.Qe2 Qg5+ 29.Kh1 Qc1 30.Nd1 Bxf1 31.Qxf1 Qxc2 32.Kg1 Qc5+ 33.Kg2 Bd8
34.Qf2 Qxf2+ 35.Nxf2 Bb6 36.Nd3 f6 37.Nb4 c5 38.Nd5 Ba5 39.Kf2 Kf7 40.Ke2 
Ke6 41.Kd3 Kd6 42.Ne3 g6 43.Nc4+ 1-0

[Event "EU-chT Seniors 05th"]
[Site "Dresden"]
[Date "2003.02.27"]
[Round "5.1"]
[White "Duemmke, Juergen"]
[Black "Schmidt, Gerhard"]
[Result "0-1"]
[WhiteElo "2187"]
[BlackElo "2225"]
[EventDate "2003.02.23"]
[PlyCount "96"]

1.Nf3 d5 2.g3 Nf6 3.Bg2 Bf5 4.O-O e6 5.c4 c6 6.d3 h6 7.Nc3 Nbd7 8.Qb3 Nc5 
9.Qd1 Ncd7 10.cxd5 exd5 11.e4 dxe4 12.dxe4 Bg4 13.Bf4 Nc5 14.e5 Qxd1 15.
Rfxd1 Nfd7 16.h3 Bxf3 17.Bxf3 g5 18.Be3 Nxe5 19.Bh5 Ncd7 20.Bd4 O-O-O 21.
Bg4 f6 22.Rac1 Nxg4 23.hxg4 Ne5 24.Bxa7 Rxd1+ 25.Rxd1 Nxg4 26.Bb6 Be7 27.
Ne4 h5 28.Nd6+ Bxd6 29.Rxd6 Ne5 30.Rxf6 Nd7 31.Bd4 Nxf6 32.Bxf6 Rg8 33.f3 
Kd7 34.Kf2 Ke6 35.Bd4 Kf5 36.Bb6 g4 37.a3 Rg7 38.f4 Ke4 39.Ke2 Rd7 40.Ba5 
Rd3 41.Be1 b5 42.Kf2 Rd1 43.Ke2 Rb1 44.Bc3 Rh1 45.Bf6 Rh2+ 46.Kd1 Rg2 47.
f5 Kxf5 48.Bh4 Rxb2 0-1

[Event "EU-chT Seniors 05th"]
[Site "Dresden"]
[Date "2003.02.27"]
[Round "5.1"]
[White "Eskandary, Jahja"]
[Black "Stavenhagen, Johannes"]
[Result "1/2-1/2"]
[WhiteElo "2172"]
[BlackElo "1861"]
[EventDate "2003.02.23"]
[PlyCount "72"]

1.e4 d5 2.exd5 Qxd5 3.Nc3 Qa5 4.Bc4 Nf6 5.d3 Bg4 6.f3 Bf5 7.Bd2 Qb6 8.Nge2
e5 9.Ng3 Be6 10.Bxe6 Qxe6 11.Be3 Bb4 12.O-O Bxc3 13.bxc3 Nd5 14.Bd2 O-O 
15.Re1 Qb6+ 16.Kh1 Nd7 17.c4 N5f6 18.Bc3 Rfe8 19.Qd2 h6 20.Re2 Re6 21.Qe1 
Rae8 22.Nf5 Nh7 23.Rb1 Qa6 24.Qg3 Rg6 25.Qh4 Rge6 26.Qg4 Rg6 27.Nxh6+ Rxh6
28.Qxd7 Nf6 29.Qxc7 b6 30.Rxe5 Rxe5 31.Qxe5 Qxa2 32.Rb2 Qa3 33.Qe1 Nh5 34.
Rb3 Qd6 35.Be5 Re6 36.d4 Qxd4 1/2-1/2

[Event "EU-chT Seniors 05th"]
[Site "Dresden"]
[Date "2003.02.27"]
[Round "5.1"]
[White "Hempson, Peter W"]
[Black "Littlewood, John Eric"]
[Result "0-1"]
[WhiteElo "2197"]
[BlackElo "2286"]
[EventDate "2003.02.23"]
[PlyCount "60"]

1.d4 Nf6 2.c4 g6 3.Nc3 d5 4.cxd5 Nxd5 5.e4 Nxc3 6.bxc3 Bg7 7.Bc4 O-O 8.Ne2
c5 9.O-O Nc6 10.Be3 Qc7 11.Rc1 Rd8 12.Qe1 Qa5 13.dxc5 Ne5 14.Bd5 e6 15.Bb3
Nd3 16.Qd2 Nxc1 17.Qxc1 Bd7 18.Nd4 Bc6 19.Qc2 Be8 20.Rc1 Qa6 21.a4 Rac8 
22.Nf3 b6 23.Bd4 bxc5 24.Bxg7 Kxg7 25.Ne5 c4 26.Qe2 Qb7 27.Bxc4 Qc6 28.f4 
f6 29.Bxe6 Qb6+ 30.Qf2 Rxc3 0-1